000 00335nam a2200145Ia 4500
005 20251222144727.0
008 251222s9999||||xx |||||||||||||| ||spa||
020 _a968-6034-79-X
082 _a338.5/L49
100 _aLeRoy Miller, Roger
245 0 _aMicroeconomía Moderna
250 _a4a.ed.
264 _bMéxico
942 _cLIB
999 _c18426
_d18426